LOTR Characters by picture sprint - Statistics

General Stats
  • This quiz has been taken 602 times
  • The average score is 13 of 16
Answer Stats
Picture Answer % Correct
Aragorn
99%
Legolas
99%
Gandalf
96%
Saruman
96%
Frodo
95%
Gimli
94%
Boromir
92%
Gollum
91%
Samwise Gamgee
86%
Galadriel
85%
Merry
82%
Balrog
78%
Arwen
71%
Pippin
58%
Elrond
51%
Eye of Sauron
28%
No matching quizzes found
Score Distribution
Percent of People with Each Score
Percentile by Number Answered
Your Score History
You have not taken this quiz